دكتاتورية القيادات السياسية والشعارات الوهمية / (رقم التسجيلة. 135231)

تفاصيل مارك
000 -الفاتح
عناصر البيانات ثابتة الطول 00716cam a2200193 i 4500
005 - تاريخ ووقت آخر معاملة
حقل ضبط 20260118104023.0
008 - عناصر البيانات ثابتة الطول
عناصر البيانات ثابتة الطول 250721s2016 jo gr 000 0 ara d
020 ## - الترقيم الدولي المعياري للكتب (ردمك)
الترقيم الدولي المعياري للكتب (ردمك) 9789957594640
082 14 - رقم تصنيف ديوي العشري
رقم التصنيف 324.2
رقم المادة ا م ي
100 1# - مدخل رئيسي – اسم شخصي
الاسم الشخصي أمين، كاوه محمد
علاقة الشخص بالعمل/ دوره مؤلف.
245 10 - بيان العنوان
العنوان دكتاتورية القيادات السياسية والشعارات الوهمية /
بيان المسؤولية كاوه محمد امين.
264 31 - بيانات النشر، التوزيع…إلخ
مكان النشر، التوزيع...إلخ عمان :
اسم الناشر، الموزع...إلخ دار الجنان للنشر والتوزيع،
تاريخ النشر، التوزيع...إلخ 2016.
300 ## - الوصف المادي
عدد الوحدات المكونة للوعاء 351 صفحة.
650 17 - مدخل إضافي بالموضوع - مصطلح موضوعي
مصطلح موضوعي أو اسم جغرافي كعنصر مدخل الاحزاب السياسية.
650 17 - مدخل إضافي بالموضوع - مصطلح موضوعي
مصطلح موضوعي أو اسم جغرافي كعنصر مدخل الدكتاتورية.
650 17 - مدخل إضافي بالموضوع - مصطلح موضوعي
مصطلح موضوعي أو اسم جغرافي كعنصر مدخل الانظمة السياسية.
942 ## - بيانات إضافية (كوها)
نوع التنصيف Dewey Decimal Classification
نوع المادة (كوها) كتب
المقتنيات
حالة السحب حالة الفقدان مصدر التصنيف حالة التلف غير قابل للإعارة المكتبة الرئيسية المكتبة الحالية موقع الرف تاريخ التزويد الرقم المتسلسل Total Checkouts رقم الإستدعاء الباركود تاريخ آخر ظهور تاريخ الفاتورة نوع المادة (كوها)
    Dewey Decimal Classification     المكتبة المركزية المكتبة المركزية الإعارة 28/07/2025 1642543   324.2 / ام ي PLD00394292 28/07/2025 28/07/2025 كتب
    Dewey Decimal Classification     مكتبة أبو علندا العامة مكتبة أبو علندا العامة الإعارة 15/11/2016 1642545   324.2/أمي PLD00399027 28/07/2025 15/11/2016 كتب
    Dewey Decimal Classification     مكتبة الحسن العامة مكتبة الحسن العامة الإعارة 15/11/2016 1642547   324.2/أمي PLD00399029 28/07/2025 15/11/2016 كتب
    Dewey Decimal Classification     مكتبة حمزة العامة مكتبة حمزة العامة الإعارة 15/11/2016 1642544   324.2/أمي PLD00399026 28/07/2025 15/11/2016 كتب
    Dewey Decimal Classification     مكتبة صويلح العامة مكتبة صويلح العامة الإعارة 15/11/2016 1642546   324.2/أمي PLD00399028 28/07/2025 15/11/2016 كتب
Implemented & Customized by: BBB with SCIT (Smart Chains for Information Technology)

Powered by Koha